|
|
|
|
| LEADER |
00000nab a2200000 a 4500 |
| 001 |
vtls000952784 |
| 003 |
SK-MaSNL |
| 005 |
20260304141612.0 |
| 008 |
250505c2004 xo mr|p|||||||000 b|slo |
| 015 |
|
|
|a SNBRB2004/12
|2 snkbucl
|
| 035 |
|
|
|a (uuid)d6ac9739-c1ec-4e9c-a9c4-1b5e62853918
|
| 035 |
|
|
|a urn:nbn:sk:snk-aberzy
|
| 035 |
|
|
|a (urnnbn)urn:nbn:sk:snk:ar-008mq9
|
| 038 |
|
|
|a SNKBUCL
|
| 040 |
|
|
|a SNKBUCL
|b slo
|c SNKBUCL
|e AACR2
|
| 041 |
0 |
|
|a slo
|
| 044 |
|
|
|a xo
|c SK
|
| 080 |
|
|
|a 82(091):821.162.4"17/18"
|x (048)
|2 1997
|
| 080 |
|
|
|a 821.162.4
|x (091)
|x "17/18"
|x (048)
|2 1997
|
| 080 |
|
|
|a 82.033:821.162.4
|x (048)
|2 1997
|
| 080 |
|
|
|a 821.162.4.033
|x (048)
|2 1997
|
| 080 |
|
|
|a 82.02:821.162.4
|x (048)
|2 1997
|
| 100 |
1 |
|
|a Čúzy, Ladislav,
|d 1950-
|4 aut
|9 226174
|
| 245 |
1 |
0 |
|a Typologické prehodnotenie počiatkov slovenskej modernej literatúry
|c Ladislav Čúzy
|
| 650 |
0 |
7 |
|a dejiny slovenskej literatúry
|y 1780-1840
|2 snkbucl
|9 57182
|
| 655 |
|
7 |
|a recenzie
|2 snkbucl
|9 21907
|
| 655 |
|
7 |
|a články z odboru literárna veda a krásna literatúra
|2 snkbucl
|9 770045
|
| 773 |
0 |
|
|t Slovenské pohľady
|g Roč. IV+120, č. 9 (2004), s. 117-119
|x 1335-7786
|
| 787 |
0 |
8 |
|i Rec.:
|a Vojtech, Miloslav, 1973-
|t Od baroka k romantizmu
|d Bratislava : Univerzita Komenského, 2003
|z 8022319023
|
| 850 |
|
|
|a Slovenská národná knižnica
|
| 852 |
|
|
|a Slovenská národná knižnica
|
| 958 |
|
|
|a article27
|
| 958 |
|
|
|a LX
|
| 958 |
|
|
|a RC
|
| 958 |
|
|
|a OND
|
| 958 |
|
|
|a EUIPO
|
| 999 |
|
|
|c 2919084
|d 2921014
|